|
|
|
|
| LEADER |
00000nab a2200000ua 4500 |
| 001 |
vtls010749941 |
| 003 |
SK-MaSNL |
| 005 |
20260304200926.0 |
| 008 |
250718s1958 xo |||||||||||||||||slo| |
| 035 |
|
|
|a (urnnbn)urn:nbn:sk:snk:ar-a03ane
|
| 035 |
|
|
|a (uuid)e8079aba-08e5-460a-b810-e6929d0d8451
|
| 035 |
|
|
|a urn:nbn:sk:snk-ab56eb
|
| 040 |
|
|
|a SNKBUCL
|b slo
|c SNKBUCL
|e AACR2
|
| 041 |
0 |
|
|a slo
|
| 044 |
|
|
|a xo
|c SK
|
| 100 |
1 |
|
|a Turský, T.
|4 aut
|9 934511
|
| 245 |
1 |
0 |
|a AMINOFERÁZY V CEREBROSPINÁLNOM LIKVORE
|c T. Turský
|
| 773 |
0 |
|
|t Bratislavské lekárske listy
|g Roč. 38, č. 3 (1958), s. 144-151
|
| 850 |
|
|
|a Slovenská národná knižnica
|
| 852 |
|
|
|a Slovenská národná knižnica
|
| 954 |
|
|
|a odborná, vedecká literatúra pôvodná (slovenská)
|2 lita
|
| 958 |
|
|
|a article3
|
| 958 |
|
|
|a OND
|
| 958 |
|
|
|a EUIPO
|
| 999 |
|
|
|c 3091985
|d 3093915
|